| 000 | 00588 a2200169 4500 | ||
|---|---|---|---|
| 999 |
_c5396 _d5396 |
||
| 020 | _a9780538450867 | ||
| 050 | _aLT 3120 MAS 2011 | ||
| 100 |
_aMasters, L. Ann _eAuthor |
||
| 245 |
_aPersonal development for life and work / _cL. Ann Masters, Harold R. Wallace and Lauri Harwood |
||
| 264 |
_aMason, Ohio: _bSouth-Western Cengage Learning, _c♭2011. |
||
| 300 |
_axv, 462p. : _bill. (col.) |
||
| 500 | _aIncludes index | ||
| 650 | _aPersonality and occupation | ||
| 700 |
_aWallace, Harold R. _eAuthor |
||
| 700 |
_aHarwood, Lauri _eCo-Author |
||
| 942 |
_2lcc _cBK _e10th ed. _h3120 _iMAS _kLT |
||